[Event "GER-chT WK U18 4th"]
[Site "Kiel"]
[Date "2008.05.31"]
[Round "3.3"]
[White "Sander, Jean Louis"]
[Black "Janson, Gregor"]
[Result "1-0"]
[WhiteElo "1126"]
[BlackElo "1096"]
[PlyCount "59"]
[EventDate "2008.05.31"]
[EventType "team-swiss"]
[EventRounds "7"]
[EventCountry "GER"]
[SourceTitle "EXT 2010"]
[Source "ChessBase"]
[SourceDate "2010.11.25"]
[SourceVersion "1"]
[SourceVersionDate "2010.11.25"]
[SourceQuality "1"]

1. e4 e5 2. Nf3 Nc6 3. d4 exd4 4. Nxd4 Nxd4 5. Qxd4 Nf6 6. Bg5 Be7 7. Bc4 0-0 8. Nc3 Bb4 9. 0-0-0 Be7 10. f4 c5 11. Qf2 Ng4 12. Qg3 Bxg5 13. Qxg4 Be7 14. Qf3 d6 15. e5 h6 16. exd6 Bxd6 17. Ne4 b5 18. Nxd6 bxc4 19. Qxa8 Qa5 20. Nxc8 Qxa2 21. Qxa7 Qxa7 22. Nxa7 Ra8 23. Rd7 Kf8 24. Kb1 Ke8 25. Rhd1 g5 26. fxg5 hxg5 27. Rb7 g4 28. Rdd7 f6 29. Rh7 Kd8 30. Rh8# 1-0